000 00603nam a2200205Ii 4500
003 JO-AjNU
008 230606s9999||||xx |||||||||||||| ||und||
020 _a978-1-72879-168-5
040 _aJO-AjNU
_beng
_erda
_cJO-AjNU
041 _aeng
050 1 4 _aQA76.73.H375 2019
100 3 _ahassan,wajid,
_eauthor
_96755
245 0 0 _aPython Scripting for Network Engineers: Realizing Network Automation for Reliable Network
250 _a3ed
300 _a347P
336 _atext
_btxt
_2rdacontent
337 _aunmediated
_bn
_2rdamedia
338 _avolume
_bnc
_2rdacarrier
650 4 _apython
_96756
999 _aE3509
_c3501
_d3501